000 00329 a2200157 4500
001 61125
020 _a
040 _cAnchieta - Pituba
100 _aAzevedo, Álvares de
240 1 0 _aPoesias Completas
_lpor
245 1 0 _aPoesias Completas
300 _a614
362 0 _a1962
650 4 _aPoesia brasileira
942 _cBK
999 _c61125
_d61125